00855nam a22001697a 4500008004100000020001500041050002000056100001900076245003900095260002600134300002600160500002000186505039000206650003700596650002600633650002600659120726t xxu||||| |||| 00| 0 eng d a1840782579 aQA76.73.S67 M17 aMacGrath, Mike aSQL in easy steps. /cMike McGrath bComputer step,c2004. a192 p.:bill.;c24cm. aIncludes index. aContents: Intrduction to SQL -- Getting started with SQL -- Creating database tables -- Inserting data into tables -- Retrieving data from tables -- Sorting retrieved data -- Simple data filtering -- Complex data filtering -- Generating calculated fields -- Manipulating data -- Grouping table data -- Making complex queries -- Joining database tables -- Reference section -- Appendix. aSQL (Computer program language)  aRelational databases. aDatabase management.